000
00241nam a2200085Ia 4500
008
170620s9999 xx 000 0 und d
100
_a
Fox- Charles
245
0
_a
Educational Psychology- It`s Problems and Methods
260
_b
New Delhi- Sonali Publication
260
_c
2004
999
_c
24340
_d
24340